| 000 | 00815nam a2200253 a 4500 | ||
|---|---|---|---|
| 003 | MX-MxUPN | ||
| 005 | 20250821142529.0 | ||
| 008 | 250819s1998 mx|a||||r|||| 000 0 spa d | ||
| 020 | _a9701701828 | ||
| 040 |
_aMX-MxUPN _bspa _cMX-MxUPN |
||
| 041 | 0 | _aspa | |
| 050 | 1 | 4 |
_aLB1685 M62 _bC48 1998 |
| 100 | 1 |
_aCetina Franco, Ana Luisa _957441 |
|
| 100 | 1 |
_aReyna Gutiérrez, Rosario _957442 |
|
| 100 | 1 |
_aMartínez Jaime, María de Lourdes _957448 |
|
| 245 | 1 | 0 |
_aEducación Física 2 : _ben armonía con tu cuerpo |
| 250 | _aPrimera edición. | ||
| 260 |
_aNaucalpan de Juárez, Edo. de México : _bPrentice Hall, _c1998. |
||
| 300 | _a139 páginas | ||
| 650 | 4 |
_aEducación física _xEstudio y enseñanza (Secundaria) _917130 |
|
| 902 | _aMarielOrtiz/190825 | ||
| 942 |
_2lcc _cLIBRO _n0 |
||
| 999 |
_c213794 _d213794 |
||